[Event "December Holiday Games"]
[Site "SchemingMind.com"]
[Date "2015.12.16"]
[Round "-"]
[White "Mitch The Man"]
[Black "maro"]
[Result "0-1"]
[WhiteCountry "USA"]
[BlackCountry "MEX"]
[WhiteElo "1396"]
[WhiteRD "59"]
[BlackElo "1327"]
[BlackRD "59"]
[GameID "392039"]

1. e4 e5 2. Nf3 Nc6 3. c3 d6 4. h3 Be6 5. Be2 d5 6. O-O dxe4 7. Nh2 Nf6 8. b4 Be7 9. a3 O-O 10. Bb2 a6
11. a4 b5 12. a5 Bc4 13. Bxc4 bxc4 14. Qe2 Qd5 15. Rd1 Rfd8 16. Na3 e3 17. dxe3 Qe4 18. f3 Qh4 19. Nxc4 Rxd1+ 20. Rxd1 e4
21. f4 Nh5 22. Qe1 Ng3 23. Rd2 Nd8 24. Ne5 c5 25. bxc5 Bxc5 26. Neg4 Ne6 27. Rd5 Ba7 28. Bc1 Nc5 29. Qd2 Nb3 30. Qb2 Nxc1
0-1

[Event "December Holiday Games"]
[Site "SchemingMind.com"]
[Date "2015.12.16"]
[Round "-"]
[White "maro"]
[Black "Mitch The Man"]
[Result "0-1"]
[WhiteCountry "MEX"]
[BlackCountry "USA"]
[WhiteElo "1327"]
[WhiteRD "59"]
[BlackElo "1396"]
[BlackRD "59"]
[GameID "392040"]

1. d4 d5 2. c4 c6 3. c5 e6 4. Nf3 Be7 5. g3 Bf6 6. Bg2 Ne7 7. O-O O-O 8. Qd3 Na6 9. Bg5 Ng6 10. Bxf6 Qxf6
11. Nbd2 Nb4 12. Qc3 a5 13. a3 Na6 14. e4 Nc7 15. e5 Qd8 16. a4 Ne8 17. b4 b6 18. Nb3 Bd7 19. bxa5 bxa5 20. Rfe1 h6
21. Rab1 Bc8 22. Bf1 Bb7 23. Bd3 Nh8 24. Qc2 g6 25. Nxa5 Qxa5 26. Rxb7 Nc7 27. Ra1 Kg7 28. Qd1 Rfb8 29. Rxb8 Rxb8 30. Nd2 Rb2
31. Nb3 Qb4 32. Bc2 Qc4 33. Qf3 Rxc2 34. Qf6+ Kh7 35. Na5 Rc1+ 36. Rxc1 Qxc1+ 37. Kg2 Qg5 38. Qf3 Qf5 39. Qb3 Qe4+ 40. f3 Qe2+
41. Kh3 h5 42. Nxc6 g5 43. Qb1+ Kh6 44. Ne7 Qxf3 45. Qc1 Qg4+ 46. Kg2 Qe4+ 47. Kf1 Qh1+
0-1

[Event "December Holiday Games"]
[Site "SchemingMind.com"]
[Date "2015.12.24"]
[Round "-"]
[White "Mitch The Man"]
[Black "Transcendent"]
[Result "0-1"]
[WhiteCountry "USA"]
[BlackCountry "ENG"]
[WhiteElo "1391"]
[WhiteRD "62"]
[BlackElo "1668"]
[BlackRD "58"]
[GameID "392412"]

1. e4 e6 2. e5 d5 3. d4 c5 4. c3 Nc6 5. Bb5 cxd4 6. Qxd4 Bd7 7. Bxc6 bxc6 8. Ne2 c5 9. Qd2 Ne7 10. O-O Nc6
11. Qe3 Qc7 12. f4 Be7 13. Bd2 O-O 14. Qf2 d4 15. c4 Rab8 16. b3 f6 17. Qg3 fxe5 18. Na3 e4 19. Nc1 e3 20. Be1 a6
21. Nd3 Bd6 22. Rf3 Rf7 23. Rd1 Ne7 24. Rc1 Nf5 25. Qh3 Bc6 26. Rf1 Rbf8 27. Rc2 Be4 28. Rc1 Bxd3 29. Rf3 Be2
0-1

[Event "December Holiday Games"]
[Site "SchemingMind.com"]
[Date "2015.12.23"]
[Round "-"]
[White "Transcendent"]
[Black "Mitch The Man"]
[Result "1-0"]
[WhiteCountry "ENG"]
[BlackCountry "USA"]
[WhiteElo "1668"]
[WhiteRD "58"]
[BlackElo "1391"]
[BlackRD "62"]
[GameID "392413"]

1. d4 d5 2. c4 c6 3. Nf3 e6 4. e3 Be7 5. Nc3 Bf6 6. Qc2 Ne7 7. Bd2 O-O 8. b3 a6 9. Bd3 Nd7 10. O-O g6
11. Rfe1 b6 12. e4 Bb7 13. e5 Bg7 14. Ng5 Nf5 15. Ne2 Rc8 16. Rac1 a5 17. Bxf5 gxf5 18. Qd3 h6 19. Nf3 Re8 20. Ng3 Ba6
21. Nh5 Bf8 22. h3 dxc4 23. bxc4 Bg7 24. Nxg7 Kxg7 25. Qe3 Rh8 26. d5 Rh7 27. d6 Kh8 28. Qc3 Qg8 29. Nd4 Rg7 30. Qf3 Rg6
31. Nxc6 Rxc6 32. Qxc6 Nb8 33. Qf3 Qc8 34. Qd3 Nd7 35. Re3 Qb7 36. Rg3 Nxe5 37. Qc3 Kh7 38. Qxe5 Rxg3 39. Qxg3 Qd7 40. Qf4
1-0

[Event "December Holiday Games"]
[Site "SchemingMind.com"]
[Date "2015.12.27"]
[Round "-"]
[White "maro"]
[Black "Transcendent"]
[Result "0-1"]
[WhiteCountry "MEX"]
[BlackCountry "ENG"]
[WhiteElo "1348"]
[WhiteRD "58"]
[BlackElo "1668"]
[BlackRD "58"]
[GameID "392414"]

1. e4 e6 2. Nf3 d5 3. exd5 exd5 4. Nd4 c5 5. Nb3 Nc6 6. Bb5 Bd7 7. O-O Bd6 8. Qe2+ Nge7 9. c3 O-O 10. d3 Re8
11. Qf3 a6 12. Bxc6 Bxc6 13. d4 c4 14. N3d2 Qc7 15. g3 Ng6 16. a3 Re7 17. Qg2 Rae8 18. Nf3 h6 19. Nbd2 b5 20. b3 a5
21. b4 a4 22. Qh1 h5 23. Ng5 f6 24. Nh3 h4 25. Nf3 hxg3 26. hxg3 Bd7 27. Bd2 Re2 28. Ra2 Bxg3 29. fxg3 Qxg3+
0-1

[Event "December Holiday Games"]
[Site "SchemingMind.com"]
[Date "2015.12.25"]
[Round "-"]
[White "Transcendent"]
[Black "maro"]
[Result "1-0"]
[WhiteCountry "ENG"]
[BlackCountry "MEX"]
[WhiteElo "1668"]
[WhiteRD "58"]
[BlackElo "1348"]
[BlackRD "58"]
[GameID "392415"]

1. d4 d5 2. c4 b6 3. Nc3 dxc4 4. e4 e6 5. Bxc4 Be7 6. Nf3 Bg5 7. Bxg5 Ne7 8. O-O O-O 9. Qb3 Bb7 10. Rad1 Re8
11. Ne5 Nbc6 12. Nxc6 Bxc6 13. Bxe6 fxe6 14. Qxe6+ Kh8 15. Bxe7 Rxe7 16. Qxc6 Qf8 17. e5 Rd8 18. f4 Qf7 19. Ne4 Re6 20. Qa4 Rd5
21. Qxa7 Ra5 22. Qb7 Rxa2 23. d5 Rg6 24. Ng5 Qf5 25. Qxc7 Kg8 26. e6 h6 27. e7 Ra8 28. Qd8+ Rxd8 29. exd8=Q+ Qf8 30. Qxf8+ Kxf8
31. Ne6+ Ke7 32. d6+ Kd7 33. Nf8+
1-0

[Event "December Holiday Games"]
[Site "SchemingMind.com"]
[Date "2015.12.23"]
[Round "-"]
[White "Mitch The Man"]
[Black "grabapawn"]
[Result "0-1"]
[WhiteCountry "USA"]
[BlackCountry "USA"]
[WhiteElo "1396"]
[WhiteRD "59"]
[BlackElo "1649"]
[BlackRD "64"]
[GameID "392474"]

1. e4 e5 2. Nf3 Nc6 3. c3 Nf6 4. Bd3 d5 5. exd5 e4 6. Qe2 Qxd5 7. O-O Be7 8. Bxe4 Nxe4 9. b3 Bg4 10. c4 Qf5
11. Qe3 Bxf3 12. gxf3 Ng5 13. Ba3 Qg6 14. Kh1 Ne6 15. Bxe7 Nxe7 16. Rg1 Qf6 17. Nc3 Rd8 18. Rg2 Nd4 19. Rc1 O-O 20. f4 Rfe8
21. Ne4 Qf5 22. f3 Ng6 23. Rg5 Qxf4 24. Qxf4 Nxf4 25. Rb1 Nxf3 26. Nf6+ Kf8 27. Nxh7+ Ke7 28. Rg4 Rxd2 29. Rxf4 Rxh2#
0-1

[Event "December Holiday Games"]
[Site "SchemingMind.com"]
[Date "2015.12.23"]
[Round "-"]
[White "grabapawn"]
[Black "Mitch The Man"]
[Result "1-0"]
[WhiteCountry "USA"]
[BlackCountry "USA"]
[WhiteElo "1649"]
[WhiteRD "64"]
[BlackElo "1396"]
[BlackRD "59"]
[GameID "392475"]

1. e4 e5 2. Nf3 d6 3. Bc4 h6 4. h3 Be7 5. d4 exd4 6. Nxd4 Bd7 7. Qf3 Bf6 8. Be3 Ne7 9. Nd2 O-O 10. Qg3 Kh7
11. Bd3 Ng6 12. Nf5 Be5 13. Qf3 Bxf5 14. exf5 Nh4 15. Qe4 Bxb2 16. Rb1 d5 17. Qg4 Bf6 18. g3 Ng2+ 19. Kf1 Nxe3+ 20. fxe3 b6
21. Nf3 Qd6 22. h4 c6 23. Ng5+ Kg8 24. Ke2 a5 25. e4 Nd7 26. Nf3 Ne5 27. Nxe5 Bxe5 28. Rbg1 Bd4 29. Rf1 Be5 30. Rf3 Bf6
31. Qh3 Qe5 32. Re3 d4 33. Rf3 b5 34. g4 a4 35. g5 h5 36. gxf6 Qxf6 37. Rg1 Rae8 38. Rg5 Qh6 39. Rfg3 Kh8 40. Rg2 Rg8
41. Qf3 g6 42. Kf2 Rg7 43. fxg6 fxg6 44. Qf6 Rg8 45. e5 Kh7 46. e6
1-0

[Event "December Holiday Games"]
[Site "SchemingMind.com"]
[Date "2015.12.25"]
[Round "-"]
[White "grabapawn"]
[Black "maro"]
[Result "1-0"]
[WhiteCountry "USA"]
[BlackCountry "MEX"]
[WhiteElo "1649"]
[WhiteRD "64"]
[BlackElo "1327"]
[BlackRD "59"]
[GameID "392476"]

1. e4 e5 2. Nf3 Nc6 3. Bc4 Nf6 4. Nc3 Bc5 5. O-O O-O 6. d3 d6 7. Bg5 Nd4 8. Nd5 Nxf3+ 9. Qxf3 Bg4 10. Qg3 Qd7
11. Nxf6+ gxf6 12. Bxf6 b5 13. Qh4
1-0

[Event "December Holiday Games"]
[Site "SchemingMind.com"]
[Date "2015.12.25"]
[Round "-"]
[White "maro"]
[Black "grabapawn"]
[Result "0-1"]
[WhiteCountry "MEX"]
[BlackCountry "USA"]
[WhiteElo "1327"]
[WhiteRD "59"]
[BlackElo "1649"]
[BlackRD "64"]
[GameID "392477"]

1. e4 e5 2. Nf3 d6 3. Bc4 Bg4 4. O-O Nc6 5. c3 Nf6 6. Be2 Nxe4 7. Qc2 f5 8. d3 Nc5 9. b4 Ne6 10. Bd2 Qd7
11. Qc1 O-O-O 12. Re1 Be7 13. c4 g5 14. Nxg5 Nxg5 15. Bxg5 Bxg5 16. Qxg5 h6 17. Qd2 h5 18. Bxg4 hxg4 19. Nc3 Rdg8 20. g3 Nd4
21. Qc1 Nf3+ 22. Kg2 Rxh2+ 23. Kf1 Qc6 24. Ke2 Nd4+ 25. Kd2 Nf3+ 26. Kc2 Rxf2+ 27. Kb3 Nd4+ 28. Ka3 Qa6+ 29. Na4 Nc2+ 30. Kb3 Nd4+
31. Ka3 b5 32. cxb5 Nxb5+ 33. Kb3 Nd4+ 34. Ka3 Nc2+
0-1

[Event "December Holiday Games"]
[Site "SchemingMind.com"]
[Date "2015.12.24"]
[Round "-"]
[White "grabapawn"]
[Black "Transcendent"]
[Result "0-1"]
[WhiteCountry "USA"]
[BlackCountry "ENG"]
[WhiteElo "1660"]
[WhiteRD "66"]
[BlackElo "1668"]
[BlackRD "58"]
[GameID "392478"]

1. e4 e6 2. d4 d5 3. Nc3 Bb4 4. Bd2 Bxc3 5. Bxc3 dxe4 6. Qg4 Nf6 7. Qxg7 Rg8 8. Qh6 Rg6 9. Qh4 Bd7 10. O-O-O Nc6
11. Nh3 Qe7 12. Qf4 O-O-O 13. Ng5 h6 14. Nxe4 Nxe4 15. Qxe4 Qg5+ 16. Kb1 f5 17. Qd3 Kb8 18. Bd2 Qf6 19. c3 f4 20. Bxf4 e5
21. Bg3 exd4 22. cxd4 Bf5 23. d5 Bxd3+ 24. Bxd3 Rxd5 25. Bxg6 Qxg6+ 26. Ka1 Rxd1+ 27. Rxd1 b5
0-1

[Event "December Holiday Games"]
[Site "SchemingMind.com"]
[Date "2015.12.24"]
[Round "-"]
[White "Transcendent"]
[Black "grabapawn"]
[Result "1-0"]
[WhiteCountry "ENG"]
[BlackCountry "USA"]
[WhiteElo "1668"]
[WhiteRD "58"]
[BlackElo "1660"]
[BlackRD "66"]
[GameID "392479"]

1. d4 d5 2. c4 dxc4 3. e3 Be6 4. Nc3 Nf6 5. Nf3 Nc6 6. e4 Bg4 7. Be3 e5 8. d5 Nd4 9. Bxd4 exd4 10. Qxd4 c6
11. Ne5 c5 12. Qxc4 Bh5 13. f3 Bd6 14. Nd3 b6 15. e5 Bc7 16. exf6 Qxf6 17. Qe4+ Qe7 18. Be2 Qxe4 19. fxe4 Bxe2 20. Kxe2 O-O
21. Rhf1 Bxh2 22. Rf3 Bc7 23. Raf1 f6 24. Nf4 Be5 25. Ne6 Rf7 26. g4 a6 27. g5 Raa7 28. gxf6 Rxf6 29. Rxf6 Bxf6 30. Kd3 Rf7
31. d6 Bh4 32. Rxf7 Kxf7 33. Nc7 a5 34. N3d5 g5 35. Ke3 g4 36. Ke2 g3 37. Kf3 h5 38. Nxb6 Kf6 39. Nc4
1-0

[Event "December Holiday Games"]
[Site "SchemingMind.com"]
[Date "2015.12.25"]
[Round "-"]
[White "Mitch The Man"]
[Black "jacksrking"]
[Result "0-1"]
[WhiteCountry "USA"]
[BlackCountry "USA"]
[WhiteElo "1391"]
[WhiteRD "62"]
[BlackElo "1375"]
[BlackRD "65"]
[GameID "392511"]

1. e4 e5 2. Nf3 Nc6 3. h3 Nf6 4. d3 Bc5 5. Be2 h6 6. O-O O-O 7. c3 a5 8. Bd2 b5 9. a3 Bb7 10. Qb3 Qe7
11. Qxb5 Rfb8 12. Qa4 Ba6 13. Qc2 d5 14. Re1 d4 15. c4 g5 16. g4 Rb7 17. Qa4 Qd6 18. Ra2 Rab8 19. Rd1 Rb6 20. Qc2 Ne7
21. Bc1 Ng6 22. Nbd2 Nf4 23. Bf1 Kg7 24. Kh2 Kg6 25. h4 Nxg4+ 26. Kg3 h5 27. Nxg5 f6 28. Nh3 Bc8 29. Nf3 Be6 30. Nxf4+ exf4+
31. Bxf4 Ne5 32. Nxe5+ fxe5 33. Bg5 Rf8 34. Qd2 Bg4 35. Bg2 Qd7 36. Bh6 Qf7 37. Bxf8 Bxf8 38. Qg5+ Kh7 39. Qd2 Bxd1 40. Qxd1 Rg6+
41. Kh3 Qe6+ 42. Kh2 Kh6 43. Bh3 Qf6 44. Qd2+ Qf4+ 45. Qxf4+ exf4 46. Bf5 Rb6 47. f3 Be7 48. Kh3 Rb3 49. Be6 Rxd3 50. Kg2 Bxh4
51. b4 axb4 52. axb4 Rb3 53. b5 d3 54. Kh3 Kg5 55. e5 Rc3 56. Rg2+ Bg3
0-1

[Event "December Holiday Games"]
[Site "SchemingMind.com"]
[Date "2015.12.25"]
[Round "-"]
[White "jacksrking"]
[Black "Mitch The Man"]
[Result "0-1"]
[WhiteCountry "USA"]
[BlackCountry "USA"]
[WhiteElo "1418"]
[WhiteRD "64"]
[BlackElo "1396"]
[BlackRD "59"]
[GameID "392512"]

1. e4 e5 2. Nf3 d6 3. h3 Be7 4. Nc3 c6 5. Bc4 Bf6 6. d3 Ne7 7. O-O O-O 8. Bg5 Bxg5 9. Nxg5 d5 10. exd5 cxd5
11. Bxd5 Nxd5 12. Nxd5 Qxd5 13. Qh5 Bf5 14. c4 Bg6 15. Qxg6 fxg6 16. cxd5 Nd7 17. Rfe1 Rf5 18. Ne6 b6 19. Nc7 Rc8 20. d6 Rf6
21. Nb5 a6 22. Nc7 a5 23. d4 Rxd6 24. dxe5 Rc6 25. e6 R6xc7 26. e7 Re8 27. Rec1 Rxc1+ 28. Rxc1 Rxe7 29. Rc7 Re1+ 30. Kh2 Rd1
31. a4 Rd6 32. f4 Nc5 33. g4 Rd2+ 34. Kg3 Rxb2 35. g5 Rb3+ 36. Kg4 Nxa4
0-1

[Event "December Holiday Games"]
[Site "SchemingMind.com"]
[Date "2015.12.25"]
[Round "-"]
[White "grabapawn"]
[Black "jacksrking"]
[Result "1-0"]
[WhiteCountry "USA"]
[BlackCountry "USA"]
[WhiteElo "1649"]
[WhiteRD "64"]
[BlackElo "1418"]
[BlackRD "64"]
[GameID "392513"]

1. e4 e5 2. Nf3 Nc6 3. Bc4 Nf6 4. Nc3 Bb4 5. d3 Bxc3+ 6. bxc3 O-O 7. O-O d6 8. Bg5 h6 9. Bh4 g5 10. Nxg5 hxg5
11. Bxg5 Qe7 12. Qf3 Bg4 13. Qg3 Kh7 14. f4 Rg8 15. Qh4+
1-0

[Event "December Holiday Games"]
[Site "SchemingMind.com"]
[Date "2015.12.25"]
[Round "-"]
[White "jacksrking"]
[Black "grabapawn"]
[Result "0-1"]
[WhiteCountry "USA"]
[BlackCountry "USA"]
[WhiteElo "1418"]
[WhiteRD "64"]
[BlackElo "1649"]
[BlackRD "64"]
[GameID "392514"]

1. e4 e5 2. Nf3 d6 3. Nc3 Nf6 4. Bc4 Bg4 5. h3 Be6 6. Bxe6 fxe6 7. d4 Nc6 8. Bg5 h6 9. Bxf6 Qxf6 10. dxe5 dxe5
11. Qd3 Bd6 12. O-O-O O-O-O 13. Qb5 a6 14. Qb3 Na5 15. Qa4 b6 16. Rd2 Qf4 17. Rd1 Bc5 18. b4 Bxf2 19. bxa5 Be3 20. Nb1 Rd6
21. axb6 Rhd8 22. Qb4 Rxb6 23. Qc3 Rb5 24. Qa5 Rxa5 25. Nc3 Rxd2 26. Nxd2 Rc5
0-1

[Event "December Holiday Games"]
[Site "SchemingMind.com"]
[Date "2015.12.25"]
[Round "-"]
[White "jacksrking"]
[Black "maro"]
[Result "0-1"]
[WhiteCountry "USA"]
[BlackCountry "MEX"]
[WhiteElo "1375"]
[WhiteRD "65"]
[BlackElo "1348"]
[BlackRD "58"]
[GameID "392515"]

1. e4 e5 2. Nf3 Nc6 3. Bb5 Nge7 4. Nc3 a6 5. Bxc6 Nxc6 6. d4 exd4 7. Nxd4 Nxd4 8. Qxd4 d6 9. O-O c5 10. Qd5 Be7
11. Bf4 O-O 12. a3 Rb8 13. b4 Be6 14. Qh5 h6 15. Bxh6 g6 16. Qf3 Re8 17. Rad1 cxb4 18. axb4 Bg5 19. Bxg5 Qxg5 20. Rxd6 Bc4
21. Rfd1 b5 22. Rxa6 Rbd8 23. Raa1 Be6 24. Rxd8 Rxd8 25. Rd1 Rxd1+ 26. Qxd1 Bh3 27. g3 Bg4 28. f3 Qe3+ 29. Kg2 Be6 30. Nxb5 Qh6
31. Qd8+ Kg7 32. Qd4+ Kh7 33. h4 Qc1 34. Nd6 Qxc2+ 35. Qf2 Bh3+ 36. Kg1 Qc1+ 37. Kh2 Be6 38. b5 Qb1 39. g4 Qd3 40. b6 Qxd6+
41. f4 Bxg4 42. b7 Qb8 43. Qg3 Bh5 44. e5 Qxb7 45. Qg5 Qb2+ 46. Qg2 Qd4 47. Qb7 Qxf4+ 48. Kh1 Bf3+ 49. Qxf3 Qxf3+ 50. Kh2 Qf4+
51. Kh3 Qxe5
0-1

[Event "December Holiday Games"]
[Site "SchemingMind.com"]
[Date "2015.12.25"]
[Round "-"]
[White "maro"]
[Black "jacksrking"]
[Result "1-0"]
[WhiteCountry "MEX"]
[BlackCountry "USA"]
[WhiteElo "1348"]
[WhiteRD "58"]
[BlackElo "1375"]
[BlackRD "65"]
[GameID "392516"]

1. d4 d5 2. Nc3 Nf6 3. Qd3 Nc6 4. Nf3 Bg4 5. h3 Bxf3 6. Qxf3 Nxd4 7. Qd3 g6 8. Qxd4 e6 9. Bg5 Be7 10. e3 a6
11. Bd3 O-O 12. Bh6 c5 13. Qe5 Qd6 14. Qxd6 Bxd6 15. Bxf8 Kxf8 16. Na4 c4 17. Nb6 Rd8 18. Be2 Ne4 19. c3 Bc5 20. Na4 b6
21. Nxc5 bxc5 22. O-O a5 23. a4 h5 24. h4 f6 25. Kh2 g5 26. Bxh5 gxh4 27. Rh1 Nxf2 28. Rhf1 Nd3 29. Rxf6+ Ke7 30. Rf7+ Kd6
31. Raf1 Nxb2 32. Rb1 Nxa4 33. Bg4 d4 34. cxd4 cxd4 35. exd4 c3 36. Rf6 Re8 37. Bf5 Kd5 38. Bg6 Kc4 39. Rf4 Re7 40. d5+ Kxd5
41. Rb5+ Kc6 42. Rxa5 Nb2 43. Rxh4 e5 44. Be4+ Kb6 45. Ra3 Rc7 46. Rh6+ Kb5 47. Rh3 Nd1 48. Rb3+ Ka4 49. Bc2 Ka5 50. Bxd1 c2
51. Ra3+ Kb4 52. Rhb3+ Kc4 53. Bxc2 Kd4 54. Ra4+ Kd5 55. Be4+ Kd6 56. Ra6+ Ke7 57. Rb7 Rxb7 58. Bxb7
1-0

[Event "December Holiday Games"]
[Site "SchemingMind.com"]
[Date "2015.12.27"]
[Round "-"]
[White "jacksrking"]
[Black "Transcendent"]
[Result "0-1"]
[WhiteCountry "USA"]
[BlackCountry "ENG"]
[WhiteElo "1375"]
[WhiteRD "65"]
[BlackElo "1668"]
[BlackRD "58"]
[GameID "392517"]

1. e4 e6 2. d4 d5 3. Nc3 Bb4 4. Bd2 Ne7 5. e5 c5 6. dxc5 Nbc6 7. Bb5 Bd7 8. Nf3 Bxc5 9. O-O O-O 10. Bd3 Ng6
11. Bxg6 hxg6 12. Bg5 Qc7 13. a3 Nxe5 14. b4 Nxf3+ 15. Qxf3 Bd4 16. Bd2 Bf6 17. Rad1 Bxc3 18. Bxc3 Bb5 19. Rfe1 Rac8 20. Re3 Ba4
21. Rd2 Rfd8 22. g3 Rd6 23. Be5 Bxc2 24. Bxd6 Qxd6 25. h4 Be4 26. Qg4 Rc1+ 27. Rd1 Qc6 28. Kh2 Rc2 29. Re2 Rc1 30. Ree1 Rc3
31. f4 Rc2+ 32. Re2 Rc3 33. h5 Bf3 34. Qh3 Bxe2 35. Re1 Rc2
0-1

[Event "December Holiday Games"]
[Site "SchemingMind.com"]
[Date "2015.12.29"]
[Round "-"]
[White "Transcendent"]
[Black "jacksrking"]
[Result "1-0"]
[WhiteCountry "ENG"]
[BlackCountry "USA"]
[WhiteElo "1668"]
[WhiteRD "58"]
[BlackElo "1375"]
[BlackRD "65"]
[GameID "392518"]

1. d4 d5 2. c4 dxc4 3. e3 Nf6 4. Bxc4 e6 5. Nf3 Bb4+ 6. Bd2 Bxd2+ 7. Nbxd2 O-O 8. O-O Nc6 9. a3 a6 10. Rc1 b5
11. Bxb5 axb5 12. Rxc6 Bb7 13. Rc3 Nd5 14. Rc2 b4 15. e4 Nb6 16. axb4 f5 17. Re1 fxe4 18. Nxe4 Re8 19. Nc5 Bxf3 20. Qxf3 Qxd4
21. Nxe6 Qxb4 22. Qe3 Nd5 23. Qe5 Re7 24. Rce2 Rae8 25. Kf1 Kf7 26. Qxd5 Qd6 27. Qf5+ Kg8 28. Ng5 g6 29. Qh3 h5 30. Rxe7 Rxe7
31. Qc8+
1-0

[Event "December Holiday Games"]
[Site "SchemingMind.com"]
[Date "2015.12.29"]
[Round "-"]
[White "Mitch The Man"]
[Black "DANDYLIONHONEYBADGER"]
[Result "0-1"]
[WhiteCountry "USA"]
[BlackCountry "USA"]
[WhiteElo "1396"]
[WhiteRD "59"]
[BlackElo "1446"]
[BlackRD "110"]
[GameID "392604"]

1. e4 e5 2. Nf3 f6 3. Bd3 c6 4. O-O g5 5. h3 d5 6. Nh2 h5 7. a3 Bc5 8. c3 Ne7 9. b4 Bd6 10. f3 f5
11. exf5 Qc7 12. f6 e4 13. f7+ Kxf7 14. fxe4+ Ke8 15. Nf3 g4 16. e5 gxh3 17. gxh3 Rg8+ 18. Kf2 Bxe5 19. Ng1 Bg3+
0-1

[Event "December Holiday Games"]
[Site "SchemingMind.com"]
[Date "2015.12.29"]
[Round "-"]
[White "DANDYLIONHONEYBADGER"]
[Black "Mitch The Man"]
[Result "0-1"]
[WhiteCountry "USA"]
[BlackCountry "USA"]
[WhiteElo "1289"]
[WhiteRD "73"]
[BlackElo "1465"]
[BlackRD "63"]
[GameID "392605"]

1. Nc3 e6 2. Nf3 c6 3. d4 Be7 4. a3 Bf6 5. Bg5 h6 6. Bxf6 Qxf6 7. Ne4 Qe7 8. b4 Nf6 9. Nxf6+ Qxf6 10. e4 O-O
11. Bd3 b5 12. Qd2 d6 13. e5 dxe5 14. dxe5 Qe7 15. Qf4 Bd7 16. g4 Na6 17. g5 h5 18. Qh4 g6 19. Kd2 Nc7 20. c4 Rad8
21. Rae1 a6 22. Be4 Bc8+ 23. Ke2 Bb7 24. Bd3 Qd7 25. Rd1 Qe8 26. Rhg1 bxc4 27. Qxc4 Nd5 28. Kd2 Rd7 29. a4 Qd8 30. Rg3 Nf4
31. Ne1 Nxd3 32. Rxd3 Rxd3+ 33. Qxd3 Qxg5+ 34. Kc3 Qxe5+ 35. Kd2 Qb2+ 36. Nc2 Qf6 37. f3 Rd8 38. Ke3 Rxd3+ 39. Rxd3 Qe5+ 40. Kd2 Qxh2+
41. Kc3 Qe5+ 42. Nd4 Qe1+ 43. Kc4 e5 44. Nc2 Qh4+ 45. Kc3 Kg7 46. Rd7 Bc8 47. Rc7 Bf5 48. Rxc6 Qf2 49. Na3 Qxf3+ 50. Kb2 Qxc6
51. b5 Qg2+ 52. Kc3 axb5 53. axb5 Qf3+ 54. Kb4 Qe4+ 55. Nc4 Qb1+ 56. Kc5 Bd3 57. b6 Bxc4 58. Kc6 Qb5+ 59. Kc7 Qc5+ 60. Kb7 Qe7+
61. Kc8 Ba6+ 62. Kb8 Qb7#
0-1

[Event "December Holiday Games"]
[Site "SchemingMind.com"]
[Date "2015.12.29"]
[Round "-"]
[White "DANDYLIONHONEYBADGER"]
[Black "grabapawn"]
[Result "0-1"]
[WhiteCountry "USA"]
[BlackCountry "USA"]
[WhiteElo "1414"]
[WhiteRD "99"]
[BlackElo "1660"]
[BlackRD "66"]
[GameID "392607"]

1. e4 c5 2. c3 Nc6 3. d4 e6 4. g3 d5 5. Bd3 Be7 6. Nf3 Nf6 7. e5 Ne4 8. Bxe4 dxe4 9. Nfd2 cxd4 10. Nxe4 d3
11. Ng5 h6 12. Nf3 b6 13. Qxd3 Qxd3 14. Nfd2 Qd5 15. O-O Bb7 16. c4 Qxe5 17. Nf3 Qe4 18. Nbd2 Qf5 19. b3 O-O-O 20. Nh4 Bxh4
21. Nf3 Qxf3 22. Be3 Ne5 23. Rfd1 Qg2#
0-1

[Event "December Holiday Games"]
[Site "SchemingMind.com"]
[Date "2015.12.29"]
[Round "-"]
[White "jacksrking"]
[Black "DANDYLIONHONEYBADGER"]
[Result "1-0"]
[WhiteCountry "USA"]
[BlackCountry "USA"]
[WhiteElo "1387"]
[WhiteRD "66"]
[BlackElo "1335"]
[BlackRD "77"]
[GameID "392608"]

1. e4 e5 2. Nf3 d6 3. d4 f6 4. Nc3 g5 5. dxe5 Bg4 6. exd6 c6 7. h3 Be6 8. Bd3 Bxd6 9. Be3 Qa5 10. Qd2 Bb4
11. O-O Bxa2 12. Rxa2 Qxa2 13. Nxa2 Bxd2 14. Bxd2 Ne7 15. Nc3 Nd7 16. Bc4 O-O-O 17. b4 g4 18. hxg4 Ng6 19. g5 Nde5 20. Nxe5 Nxe5
21. Be6+ Kc7 22. Bf4 Kd6 23. Bb3 Kc7 24. gxf6 Rhe8 25. Bxe5+ Rxe5 26. f7 Rf8 27. f4 Re7 28. f5 b6 29. f6 Rd7 30. g4 Rg8
31. fxg8=Q a5 32. f7 axb4 33. f8=Q
1-0

[Event "December Holiday Games"]
[Site "SchemingMind.com"]
[Date "2015.12.31"]
[Round "-"]
[White "DANDYLIONHONEYBADGER"]
[Black "jacksrking"]
[Result "0-1"]
[WhiteCountry "USA"]
[BlackCountry "USA"]
[WhiteElo "1289"]
[WhiteRD "73"]
[BlackElo "1414"]
[BlackRD "65"]
[GameID "392609"]

1. e4 e5 2. d4 d6 3. dxe5 Nc6 4. exd6 Qxd6 5. Qxd6 Bxd6 6. Bd2 Nf6 7. f3 a6 8. Ne2 O-O 9. f4 Nxe4 10. Be3 Be6
11. Nd4 Nxd4 12. Bd3 Bb4+ 13. c3 Nf5 14. cxb4 Ned6 15. Bc5 b6 16. Bxd6 Nxd6 17. O-O Rfd8 18. Nd2 a5 19. f5 Nxf5 20. Bxf5 Bxf5
21. Rxf5 Rxd2 22. Rf2 Rxf2 23. Kxf2 axb4 24. b3 c5 25. g4 g5 26. Kg3 Kg7 27. Re1 Rxa2 28. Re5 Rb2 29. Rxg5+ Kf6 30. Rf5+ Kg6
31. h4 h5 32. gxh5+ Kxf5 33. h6 Kg6 34. Kg4 Kxh6 35. h5 c4 36. bxc4 b3
0-1

[Event "December Holiday Games"]
[Site "SchemingMind.com"]
[Date "2016.01.01"]
[Round "-"]
[White "maro"]
[Black "DANDYLIONHONEYBADGER"]
[Result "1-0"]
[WhiteCountry "MEX"]
[BlackCountry "USA"]
[WhiteElo "1417"]
[WhiteRD "57"]
[BlackElo "1289"]
[BlackRD "73"]
[GameID "392610"]

1. e4 e5 2. d4 exd4 3. Qxd4 Nc6 4. Qe3 Ne5 5. Nf3 Ng4 6. Qd4 Bd6 7. Be2 Ne7 8. O-O O-O 9. e5 Nc6 10. Qxg4 Nxe5
11. Nxe5 Qf6 12. Nxd7 Bxd7 13. Qe4 Rae8 14. Qc4 Be6 15. Qa4 Rd8 16. Qxa7 Bd5 17. Nc3 Bc6 18. Bd3 b6 19. Qa6 Ra8 20. Qc4 Bd7
21. Ne4 Qe6 22. Qc3 Be7 23. Qxc7 Bd8 24. Qb7 Qc6 25. Qxc6 Bxc6 26. Nd6 Be7 27. Nf5 Bf6 28. c3 Rad8 29. Bc2 Rfe8 30. Be3 g6
31. Ng3 h5 32. Bxb6 Rb8 33. Be3 Rxb2 34. Bd3 Bxc3 35. a4 Rb4 36. Ra3 Bxa4 37. Rxc3 h4 38. Ne2 Kg7 39. h3 Reb8 40. Rfc1 Bb5
41. Bxb5 R4xb5 42. Nd4 Rb2 43. Nc6 f6 44. Nxb8 Rxb8 45. Bf4 Re8 46. Rc7+ Kf8 47. Rd1 g5 48. Bd6+ Kg8 49. Be7 Kf7 50. Bc5+ Kg6
51. g4 Re5 52. Rd8 Re1+ 53. Kg2 f5 54. Rd6+
1-0

[Event "December Holiday Games"]
[Site "SchemingMind.com"]
[Date "2016.01.01"]
[Round "-"]
[White "DANDYLIONHONEYBADGER"]
[Black "maro"]
[Result "0-1"]
[WhiteCountry "USA"]
[BlackCountry "MEX"]
[WhiteElo "1335"]
[WhiteRD "77"]
[BlackElo "1392"]
[BlackRD "59"]
[GameID "392611"]

1. Nc3 e6 2. d4 Nf6 3. Bg5 Bb4 4. Bxf6 Qxf6 5. a3 Ba5 6. b4 Bb6 7. e3 O-O 8. Ne4 Qh6 9. c3 d5 10. Nc5 Bxc5
11. bxc5 b6 12. Bb5 bxc5 13. dxc5 a6 14. Ba4 a5 15. f4 Qf6 16. Ne2 Ba6 17. Qc2 c6 18. O-O Rc8 19. Nd4 Bxf1 20. Kxf1 e5
21. Nf5 exf4 22. Nd6 fxe3+ 23. Kg1 Rc7 24. Ne8 Qe7 25. Nxc7 Qxc7 26. Qf5 Nd7 27. Rf1 Nf6 28. Bc2 Re8 29. g4 e2 30. Re1 Re5
31. Qd3 Re4 32. Qa6 Rxg4+ 33. Kh1 g6 34. Qa8+ Kg7 35. Rxe2 Qf4 36. h3 Qf1+ 37. Kh2 Qg1#
0-1